000 00801nam a2200241Ia 4500
003 OSt
005 20220930063649.0
006 a|||||r|||| 00| 0
007 ta
008 220926b |||||||| |||| 00| 0 eng d
024 _a3156
037 _cTheses
040 _aCRL
_cCRL
_beng
041 _2eng
_aeng
100 _aChhokra Sunita Arya
_9523327
110 _aUniversity of Delhi. Faculty of Technology. Department of Electronic Science
_9523328
245 0 _aImproved two-dimensional analytical model with function approach for non-self -aligned Gasa Mesfets.
260 _c1997
650 _aELECTRICAL ENGINEERING
700 _aUniversity of Delhi. Faculty of Technology. Department of Electronic Science
_9523329
942 _cDIS
_2CC
999 _c857159
_d857159